Close-Up 'X, Y, Z' Images Quiz Stats

 Plays Quiz Updated Mar 28, 2018

Challenge
Share
Tweet
Score 0/20 Timer 04:00
4 Plays Today
% Correct
Zebra
96.8%
Zipper
96.8%
X-ray
93.7%
Yogurt
93.5%
Yarn
92.5%
Xylophone
91.8%
Yolk
91.7%
Yo-yo
90.7%
Yacht
90.6%
Yak
89.1%
% Correct
Zucchini
85.8%
Yam
85.3%
Zeppelin
70.5%
Zamboni
69.6%
Yardstick
69.4%
Ziti
59.1%
Yoga Ball
38.9%
Zinnia
35.4%
Zither
31.9%
Yeast
21.8%

You're not logged in!

Compare scores with friends on all Sporcle quizzes.
Join for Free
OR
Log In

You Might Also Like...

Show Comments

Extras

Top Quizzes Today


Score Distribution

Your Account Isn't Verified!

In order to create a playlist on Sporcle, you need to verify the email address you used during registration. Go to your Sporcle Settings to finish the process.

Report this User

Report this user for behavior that violates our Community Guidelines.

Details: